| 000 | 00421nam a22001697a 4500 | ||
|---|---|---|---|
| 005 | 20230117112033.0 | ||
| 008 | 220215b ||||| |||| 00| 0 eng d | ||
| 020 | _a9789331302682 | ||
| 041 | _aeng | ||
| 082 |
_a614.42 _bMAY-M |
||
| 100 |
_aMAYER ,ISHTIAQ _97155 |
||
| 245 | _aMEDICAL GEOGRAPHY | ||
| 260 |
_aNEW DELHI _bA.P.H PUBLICATION _c2020 |
||
| 300 | _a235;P. | ||
| 650 |
_aPHARMACY _xB.PHARMA _97083 |
||
| 942 | _cBK | ||
| 999 |
_c7966 _d7964 |
||